The Coming Free : (Record no. 616208)

MARC details
000 -LEADER
fixed length control field 00467nam a2200181 a 4500
008 - FIXED-LENGTH DATA ELEMENTS--GENERAL INFORMATION
fixed length control field 260228s2005##################000#0#eng##
020 ## - INTERNATIONAL STANDARD BOOK NUMBER
ISBN 9.78141E+12
082 04 - DEWEY DECIMAL CLASSIFICATION NUMBER
Classification number 323.1196
Item number RUB
100 1# - MAIN ENTRY--AUTHOR NAME
Personal name Rubel, David,
245 10 - TITLE STATEMENT
Title The Coming Free :
260 ## - PUBLICATION, DISTRIBUTION, ETC. (IMPRINT)
Year of publication 2005.
650 #0 - SUBJECT ADDED ENTRY--TOPICAL TERM
Topical Term African American civil rights workers.
942 ## - ADDED ENTRY ELEMENTS (KOHA)
Koha item type English Books

No items available.

Find us on the map